| 000 | 00846nam a2200217Ii 4500 | ||
|---|---|---|---|
| 003 | JO-AjNU | ||
| 008 | 230605s9999||||xx |||||||||||||| ||und|| | ||
| 020 | _a9953-32-369-0 | ||
| 040 |
_aJO-AjNU _bara _erda _cJO-AjNU |
||
| 041 | _aara | ||
| 050 | 1 | 4 | _aHJ233 .Q52 2008 |
| 100 | 3 |
_aتاليف: قندوز، عبدالكريم , _eauthor _930620 |
|
| 245 | 0 | 0 | _aالهندسة المالية الاسلامية بين النظرية والتطبيق |
| 250 | _aط1 | ||
| 264 | 3 | 1 | _aدمشق، بيروت: مؤسسة الرسالة ناشرون، 2008 |
| 300 |
_a344ص _bيحتوي على ببلوغرافية من 321-344ص |
||
| 336 |
_atext _btxt _2rdacontent |
||
| 337 |
_aunmediated _bn _2rdamedia |
||
| 338 |
_avolume _bnc _2rdacarrier |
||
| 650 | 4 |
_aالاقتصاد الاسلامي - النظام المالي في الاسلام _930621 |
|
| 999 |
_aA12159 _c15727 _d15727 |
||